LEADER 00937nam a2200241 i 4500 001 000000170490 003 CaOOAMICUS 005 20251106091525.0 008 160621s2016 it u000 u ita u 013 $a147901 040 $aSeMil$bita 100 1 $aGuareschi, Giovannino,$d<1908-1968>.$0(OLS)http://semarc/name/19347 245 10$aCiao, don Camillo /$cGiovannino Guareschi. 264 1$aMilano :$bSan Paolo,$c2016. 300 $a413 p. :$bill. ;$c21 cm. 490 1 $aLa saga di don Camillo e Peppone ;$v7 830 3$aLa saga di don Camillo e Peppone ;$v7.$0(OLS)http://semarc/title/44897 850 $aSeMil 852 $aSeMil$W1$xVenegono$y1$m1A II 127/7$j121376$B121376$CSeMilBibl$Z2$F133860 $81 961 $aOmaggio: Pontiggia don Virginio 996 $6245$aCiao, don Camillo$9(OLS)http://semarc/title/243850 996 $6264$aMilano :$bSan Paolo$9(OLS)http://semarc/publisher/31226 LEADER 01240nam a2200229 i 4500 001 000000233673 003 CaOOAMICUS 005 20140924000000.0 008 140924s1927 it u000 u ita u 013 $a212576 040 $aSeMil$bita 245 13$aLa coltivazione delle piante ornamentali da giardino :$bgli alberi, gli arbusti, le piante erbacee da aria aperta, le piante bulbose da aria aperta, le piante acquatiche, le piante alpine, le palme, .. 250 $a4. ed. 260 $aMilano :$bUlrico Hoepli,$c1927. 300 $aXI, 331 p. :$bill. ;$c16 cm. 490 0 $aManuali Hoepli ;$v. 773 0 $aPucci, Angiolo$tLibro del giardiniere.$b4. ed. ampliata.$dMilano : Ulrico Hoepli, 1924-1927.$kManuali Hoepli$g2$w()30575 830 0$aManuali Hoepli ;$v.$0(OLS)http://semarc/title/7639 850 $aSeMil 852 $aSeMil$W1$xVenegono$y1$m2ZA II 39 FA$j184019$B184019$CSeMilBibl$Z2$F194806 $8I 996 $6245$aLa coltivazione delle piante ornamentali da giardino :$bgli alberi, gli arbusti, le piante erbacee da aria aperta, le piante bulbose da aria aperta, le piante acquatiche, le piante alpine, le palme, ..$9(OLS)http://semarc/title/333501 996 $6260$aMilano :$bUlrico Hoepli$9(OLS)http://semarc/publisher/29765 LEADER 00367nab a2200133 i 4500 001 000000282310 003 CaOOAMICUS 005 20180831165217.0 008 180831n xx uu u0 0und r 013 $a35133 040 $aSeMil$bita 245 10$a[vedi periodico]. 773 0 $t2003.$dComo : New Press, 2003.$w()235217 996 $6245$a[vedi periodico]$9(OLS)http://semarc/title/309439